000 00640nam a2200241Ia 4500
003 OSt
005 20220924124140.0
006 a|||||r|||| 00| 0
007 ta
008 220923b |||||||| |||| 00| 0 urd d
020 _c50.00
024 _a315587
037 _cTextual
040 _aARTS
_cARTS
_burd
041 _2urd
_aurd
082 _aO168,1NSA,1, N0
100 _aSauz Kanti Mohan
_9194924
245 0 _aGunah-e-sukhan
260 _aNew Delhi
_b National Book Centre India
_c1990
650 _aURDU POETRY
942 _hO168,1NSA,1, N0
_cTEXL
_2CC
999 _c418606
_d418606